|
|
|
|
| LEADER |
00893nam a2200253 4500 |
| 001 |
678 |
| 003 |
BD-DhAAL |
| 008 |
150919s1975 en 00 eng d |
| 020 |
|
|
|a 019255347X
|
| 040 |
|
|
|a UKM
|c EQF
|d BD-DhAAL
|
| 082 |
|
|
|a 823/.9/1
|
| 090 |
|
|
|a PR4494.W6
|b c1969.
|
| 100 |
1 |
|
|a Collins, Wilkie,
|d 1824-1889.
|9 14817
|
| 245 |
0 |
4 |
|a The woman in white
|c William Wilkie Collins.
|
| 260 |
|
|
|a London
|a New York
|b Oxford University Press
|b Houghton Mifflin
|c c1969.
|
| 300 |
|
|
|a xxxviii,514p. ;
|c 21cm.
|
| 490 |
|
|
|a Oxford English novels.
|
| 504 |
|
|
|a Bibliography: p.xxvii-xxix.
|
| 541 |
|
|
|e 678
|
| 650 |
|
0 |
|a English fiction.
|9 13863
|
| 700 |
1 |
1 |
|a Sucksmith, Harvey Peter.
|9 14818
|
| 942 |
|
|
|2 ddc
|c BK
|
| 999 |
|
|
|c 35601
|d 35601
|
| 952 |
|
|
|0 0
|1 0
|2 ddc
|4 0
|6 823_000000000000000__9_1_COL
|7 0
|9 55985
|a SCL
|b SCL
|c GEN
|d 2015-09-19
|g 152.00
|l 1
|m 6
|o 823.91 COL
|p 3020000678
|r 2017-03-07
|s 2017-01-19
|t 1
|w 2015-09-19
|y BK
|